Tratado utilísimo y muy general de todos los contratos (1583)
Gespeichert in:
| 1. Verfasser: | |
|---|---|
| Format: | Buch |
| Sprache: | Englisch |
| Veröffentlicht: |
Navarra, España:
EUNSA,
2003.
|
| Ausgabe: | Primera edición |
| Schriftenreihe: | Colección de pensamiento medieval y renacentista,
|
| Schlagworte: | |
| Tags: |
Tag hinzufügen
Keine Tags, Fügen Sie den ersten Tag hinzu!
|
MARC
| LEADER | 00000nam a22000007a 4500 | ||
|---|---|---|---|
| 003 | CL-VaPUC | ||
| 005 | 20220822114617.0 | ||
| 008 | 220713b ||||| |||| 00| 0 eng d | ||
| 999 | |c 436989 |d 436987 | ||
| 020 | |a 8431320494 | ||
| 040 | |c Pontificia Universidad Católica de Valparaíso | ||
| 082 | |2 22 |a 346.02 GAR 2003 | ||
| 100 | 1 | |a García, Francisco |e autor |9 872811 | |
| 245 | |a Tratado utilísimo y muy general de todos los contratos |b (1583) | ||
| 250 | |a Primera edición | ||
| 260 | |a Navarra, España: |b EUNSA, |c 2003. | ||
| 300 | |a 567 páginas | ||
| 490 | |a Colección de pensamiento medieval y renacentista, |n 46 | ||
| 500 | |a c.1 Donación Familia Prof. Alejandro Guzmán Brito. | ||
| 583 | |c 20220713 |k Carolina Mena Serrano | ||
| 650 | |a Derecho civil |x Derecho contractual |9 872812 | ||
| 650 | |a Contratos |x Responsabilidad civil |x Historia del derecho |9 872813 | ||
| 942 | |2 ddc |c BK |n 0 | ||
| 952 | |0 0 |1 0 |2 ddc |4 0 |5 1 |6 346_020000000000000_GAR_2003 |7 1 |8 C_AGB |9 584725 |a BIBDER |b BIBDER |d 2022-07-13 |e Donación |i 5652169 |o 346.02 GAR 2003 |p 5652169 |r 2023-01-25 |t 1 |w 2022-07-13 |y BK_US |k AGB | ||